000 01585nam2a22002411 4500
001 RU\NLR\INFOCOMM5\1000322958
005 20250617153732.0
035 _a(NLR Aleph) 002750679
090 _a2138978
_c2138978
100 _a20040310d1978 |||y0rusy50 ca
101 0 _arus
102 _aRU
105 _ay |||||||||
200 1 _aПрименение геофизических методов при прямых поисках нефти и газа
210 _d1978
_aБ. м.
461 0 _1001RU\NLR\INFOCOMM5\1000322956
_12001#$aГеологические и геохимические методы поисков полезных ископаемых. Методы разведки и оценка месторождений. Разведочная и промысловая геофизика$fГос. ком. Совета Министров СССР по науке и технике. АНСССР ВИНИТИ. Итоги науки и техники$vТ.2
_92138961
_cМ.
_d1974-
_fГос. ком. Совета Министров СССР по науке и технике. АНСССР ВИНИТИ. Итоги науки и техники
_tГеологические и геохимические методы поисков полезных ископаемых. Методы разведки и оценка месторождений. Разведочная и промысловая геофизика
_vТ.2
801 1 _aRU
_bInfoComm
_c20040310
801 0 _aRU
_bNLR
_gPSBO
852 _aNLR
_jП7/1615
942 _cISSUE
980 _aNB
980 _aRUSPER